Normal view
MARC view
- Ciric, Rade M.
Entry Personal Name
001 - CONTROL NUMBER
- control field: 56054
003 - CONTROL NUMBER IDENTIFIER
- control field: OSt
005 - DATE AND TIME OF LATEST TRANSACTION
- control field: 20240404125637.0
008 - FIXED-LENGTH DATA ELEMENTS
- fixed length control field: 240404|| aca||aabn | a|a d
040 ## - CATALOGING SOURCE
- Original cataloging agency: OSt
- Transcribing agency: OSt
100 ## - HEADING--PERSONAL NAME
- Personal name: Ciric, Rade M.
- Relator term: author.
670 ## - SOURCE DATA FOUND
- Source citation: Work cat.: (OSt): Jiya, Immanuel Ninma. autrhor. 56051, Novel family of high-gain nonisolated multiport converters with bipolar symmetric outputs for DC microgrids /, October 2022.
